Welcome to CU Library Online Public Access Catalogue (OPAC)

Bridging the gap : (Record no. 5114)

MARC details
000 -LEADER
fixed length control field 00678cam a22002174a 4500
001 - CONTROL NUMBER
control field 16538071
005 - DATE AND TIME OF LATEST TRANSACTION
control field 20250324094918.0
008 - FIXED-LENGTH DATA ELEMENTS--GENERAL INFORMATION
fixed length control field 101115s2011 maua b 001 0 eng
020 ## - INTERNATIONAL STANDARD BOOK NUMBER
International Standard Book Number 9780205747252
020 ## - INTERNATIONAL STANDARD BOOK NUMBER
International Standard Book Number 0205747256
050 00 - LIBRARY OF CONGRESS CALL NUMBER
Classification number LB2395.3
Item number .S64 2011b
100 1# - MAIN ENTRY--PERSONAL NAME
Personal name Smith, Brenda D.,
Dates associated with a name 1944-
245 10 - TITLE STATEMENT
Title Bridging the gap :
Remainder of title college reading /
Statement of responsibility, etc. Brenda D. Smith, LeeAnn Morris.
250 ## - EDITION STATEMENT
Edition statement 10th ed., Annotated instructor's ed.
260 ## - PUBLICATION, DISTRIBUTION, ETC.
Place of publication, distribution, etc. Boston :
Name of publisher, distributor, etc. Longman,
Date of publication, distribution, etc. c2011.
300 ## - PHYSICAL DESCRIPTION
Extent xxvi, 614 p. :
Other physical details ill. (chiefly col.) ;
Dimensions 26 cm.
650 #0 - SUBJECT ADDED ENTRY--TOPICAL TERM
Topical term or geographic name entry element Reading (Higher education)
650 #0 - SUBJECT ADDED ENTRY--TOPICAL TERM
Topical term or geographic name entry element Study skills.
650 #0 - SUBJECT ADDED ENTRY--TOPICAL TERM
Topical term or geographic name entry element Morris, LeeAnn.
942 ## - ADDED ENTRY ELEMENTS (KOHA)
Source of classification or shelving scheme Library of Congress Classification
Koha item type Books
Edition 10th Ed.
Suppress in OPAC No
999 ## -
-- 5114
-- 5114
Holdings
Withdrawn status Lost status Source of classification or shelving scheme Damaged status Not for loan Collection Home library Current library Shelving location Date acquired Total checkouts Full call number Barcode Date last seen Copy number Price effective from Koha item type
    Library of Congress Classification     Non-fiction Business Library (Miotso) Business Library (Miotso) General stacks 03/24/2025   LB2395.3 .S64 2011b BSSM00001542 03/24/2025 1 03/24/2025 Books
© 2023-2024 Copyright: Central University Libraries. All Rights Reserved | Created by: Mahone Tech Office